Science in context

সংরক্ষণ করুন:
গ্রন্থ-পঞ্জীর বিবরন
প্রধান লেখক: Barnes, Barry
বিন্যাস: গ্রন্থ
ভাষা:Undetermined
প্রকাশিত: Massachusetts The MIT 1982
বিষয়গুলি:
ট্যাগগুলো: ট্যাগ যুক্ত করুন
কোনো ট্যাগ নেই, প্রথমজন হিসাবে ট্যাগ করুন!
Thư viện lưu trữ: Trung tâm Học liệu Trường Đại học Cần Thơ
LEADER 00435nam a2200169Ia 4500
001 CTU_78991
008 210402s9999 xx 000 0 und d
082 |a 509 
082 |b B259 
100 |a Barnes, Barry 
245 0 |a Science in context 
245 0 |c Barry Barnes, David Edge 
260 |a Massachusetts 
260 |b The MIT 
260 |c 1982 
650 |a Socialogical 
980 |a Trung tâm Học liệu Trường Đại học Cần Thơ